| 000 | 00846nam a22001937a 4500 | ||
|---|---|---|---|
| 003 | BD-DhUL | ||
| 005 | 20160828190509.0 | ||
| 008 | 160828s1978 b ||||| |||| 001 0 b d | ||
| 040 |
_aBD-DhUL _cBD-DhUL |
||
| 082 |
_a905 _bITI |
||
| 110 | 2 |
_aবাংলাদেশ ইতিহাস পরিষদ, _bঢাকা |
|
| 245 | 2 | 0 |
_aএকাদশ বার্ষিক ইতিহাস সম্মেলন (ফরিদপুর, ৫-৭ মার্চ ১৯৭৮) / _cবাংলাদেশ ইতিহাস পরিষদ, |
| 260 |
_aঢাকা : _bবাংলাদেশ ইতিহাস পরিষদ, _cc ১৯৭৮ |
||
| 300 |
_a১০৫ পৃ. : _c২২ সে.মি. |
||
| 500 | _aনির্ঘন্ট সংবলিত | ||
| 650 | 0 | _aইতিহাস | |
| 650 | 0 | _aHistory | |
| 942 |
_2ddc _cBK |
||
| 999 |
_c102005 _d102005 |
||